[Event "FIDE Online-ch U16 Open 2020"]
[Site "Online"]
[Date "2020.12.19"]
[Round "4.1"]
[White "Cardoso Cardoso, Jose Gabriel"]
[Black "Hong, Andrew"]
[Result "1/2-1/2"]
[WhiteElo "2414"]
[BlackElo "2449"]
[Annotator "TA"]
[PlyCount "103"]
[EventDate "2020.12.19"]
[EventType "k.o."]
[EventCountry "NET"]
[SourceTitle "playchess.com"]
[Source "ChessBase"]
[SourceQuality "1"]

{[%evp 16,103,25,34,27,20,33,0,2,0,0,0,10,7,0,7,13,12,22,22,35,29,31,23,34,25,34,25,23,-5,19,17,16,19,15,9,9,9,64,27,61,0,41,20,24,12,14,8,30,0,30,16,66,44,51,20,26,42,439,155,251,239,250,236,232,222,768,766,618,368,294,8,8,0,0,0,0,0,0,0,0,0,0,0,0,0,0,-8,-8,-8]} 1. d4 d5 2. c4 dxc4 3. Nf3 Nf6 4. e3 e6 5. Bxc4 c5 6. O-O a6 7. b3 Nc6 8. Bb2 cxd4 9. Nxd4 Nxd4 {D27: Queen's Gambit Accepted: Classical main line: 7 e4!? and 7 a4.} 10. Bxd4 Bd7 {[#]} 11. Qe2 $146 ({Predecessor:} 11. Nd2 Be7 12. Be2 Bc6 13. Nc4 O-O 14. Qc2 Rc8 15. Qb2 Bc5 16. Rfd1 Bxd4 17. Rxd4 {1-0 (32) Dreev,A (2644)-Abreu Delgado,A (2450) Merida 2015}) 11... Rc8 12. Rd1 Bc5 13. Bb2 Qe7 14. a3 O-O 15. b4 Ba7 16. Nd2 Bc6 17. a4 Bb8 18. b5 axb5 19. axb5 Bd5 20. Bd3 {Black must now prevent e4.} e5 $1 21. e4 Be6 22. h3 Bd6 23. Nc4 Bxc4 24. Bxc4 Bc5 25. g3 Rfd8 26. Kg2 h5 (26... g6 $11) 27. Bb3 h4 28. Rac1 (28. gxh4 $14 Bd4 29. Ba3) 28... Ba3 29. Rxc8 Rxc8 30. Ba1 hxg3 31. fxg3 Bb4 32. Qd3 b6 33. Bb2 Kh7 34. Qf3 Kg8 35. Qf5 Rc5 36. g4 Rc7 $2 {[%mdl 8192]} (36... Qc7 $1 $14 37. Ra1 Rc2+ 38. Bxc2 Qxc2+ 39. Qf2 Qxe4+ 40. Kh2 Bc5) 37. Qxe5 $2 (37. g5 $18 {and the rest is easy.} Nxe4 38. g6) 37... Ne8 (37... Qxe5 $16 38. Bxe5 Rd7) 38. Qxe7 $18 Rxe7 39. Kf3 Nd6 40. e5 Nxb5 $2 (40... Nb7 41. Bd5 Nc5) 41. Rd8+ Kh7 42. Bc2+ g6 {[#]} 43. Rd5 $2 ({White must play} 43. e6 $1 $18 {[%csl Gb2][%cal Rd8h8][%mdl 512]} Bc3 (43... Rxe6 44. Rh8#) 44. Bxc3 Nxc3 45. Rd3) 43... Nc7 $1 $132 {[%cal Rc7d5][%mdl 2048] Black puts up resistance. The position is equal.} 44. Rd8 {aiming for e6!} Ne6 45. Rb8 Rc7 46. Bb3 ({Don't blunder} 46. Rxb6 $2 Ng5+ 47. Kg3 Be1+ 48. Kg2 Rxc2+ $19) 46... Bc3 47. Bxe6 {Threatens to win with Bxc3.} Bxb2 48. Bd5 Bxe5 {And now ...Rc3+ would win.} 49. Rxb6 Kg7 50. h4 Bc3 51. Rc6 Rxc6 52. Bxc6 {Black defended with fortune.  Weighted Error Value: White=0.42/Black=0.26} 1/2-1/2

[Event "FIDE Online-ch U16 Open 2020"]
[Site "Online"]
[Date "2020.12.19"]
[Round "4.2"]
[White "Hong, Andrew"]
[Black "Cardoso Cardoso, Jose Gabriel"]
[Result "0-1"]
[WhiteElo "2449"]
[BlackElo "2414"]
[Annotator "TA"]
[PlyCount "78"]
[EventDate "2020.12.19"]
[EventType "k.o."]
[EventCountry "NET"]
[SourceTitle "playchess.com"]
[Source "ChessBase"]
[SourceQuality "1"]

{[%evp 11,78,29,26,15,17,19,39,8,13,0,26,2,-10,-25,-37,-36,0,-48,-1,-3,-6,-8,0,-3,-8,-10,0,0,3,0,0,-9,-2,-8,-3,-3,-2,-3,0,-9,-10,-462,-471,-619,-674,-663,-661,-608,-591,-29970,-29972,-29969,-29970,-29990,-29991,-29991,-29992,-29992,-29993,-29993,-29994,-29994,-29995,-29995,-29996,-29996,-29997,-29997,-29998]} 1. d4 Nf6 2. c4 e6 3. g3 d5 4. Nf3 dxc4 5. Bg2 a6 6. O-O Nc6 7. Bg5 {E04: Open Catalan: 5 Nf3.} Be7 8. e3 Bd7 {The old main line.} 9. Qc1 {[%mdl 1024] White has compensation.White is slightly better.} b5 {[#]} 10. Rd1 $146 ({Predecessor:} 10. Nbd2 Nd5 11. Bxe7 Ncxe7 12. e4 Nb6 13. b3 O-O 14. Rd1 cxb3 15. Nxb3 a5 16. Nc5 {1-0 (63) Postny,E (2638)-Perez Candelario,M (2575) Istanbul 2012}) 10... Rb8 11. Nc3 O-O 12. Ne5 Nxe5 13. dxe5 Nd5 (13... Ng4 {with more complications.} 14. Bf4 Qc8 15. Bf3 f5 16. exf6 Nxf6 17. a4 b4) 14. Bxd5 exd5 (14... Bxg5 {is interesting.} 15. Be4 Qe8 16. Qc2 h6 17. Ne2 c5) 15. Bxe7 Qxe7 16. Nxd5 Qxe5 {Strongly threatening ...Bg4.} 17. Qc3 Qxc3 18. bxc3 {Black must now prevent Ne7+.} Rfd8 19. Nxc7 Bg4 20. Rd4 Rxd4 21. exd4 $11 {[%mdl 4096] Endgame KRB-KRN} a5 22. a3 Rb7 23. Re1 {[%cal Re1e8]} (23. Na6 {feels hotter.} Bf3 24. Re1 Kf8 25. Re3 Bc6 26. Nc5) 23... h5 24. Na6 Rb6 25. Nc7 Bf3 26. Rb1 $2 {[%mdl 8192] [#] This costs White the game.} (26. Re8+ $11 Kh7 27. Re3) 26... b4 $1 $19 {[%cal Rb4c3][%mdl 512]} 27. axb4 axb4 28. cxb4 c3 29. b5 {[#] Hoping for Rc1.} Rb7 $1 30. Na6 c2 {[%cal Rc2b1] Black mates.} 31. Rc1 Rxb5 32. Nc5 {[#]} Rb1 $1 {[%cal Rb1c1][%mdl 512]} 33. Nd3 Be4 34. d5 Bxd3 35. d6 Rxc1+ 36. Kg2 Rd1 37. d7 Bf1+ {[%mdl 64] Discovered Attack} 38. Kf3 c1=Q 39. d8=R+ Rxd8 {Accuracy: White = 63%, Black = 86%.} 0-1

[Event "FIDE Online-ch U16 Open 2020"]
[Site "Online"]
[Date "2020.12.19"]
[Round "4.2"]
[White "Svane, Frederik"]
[Black "Pour Agha Bala, Amirreza"]
[Result "1-0"]
[WhiteElo "2421"]
[BlackElo "2432"]
[Annotator "TA"]
[PlyCount "115"]
[EventDate "2020.12.19"]
[EventType "k.o."]
[EventCountry "NET"]
[SourceTitle "playchess.com"]
[Source "ChessBase"]
[SourceQuality "1"]

{[%evp 14,115,63,28,34,42,50,52,54,51,52,61,64,55,52,44,50,42,44,41,51,44,44,29,49,45,50,49,73,68,60,42,108,104,93,0,103,49,44,44,44,37,117,114,116,106,118,64,74,72,186,102,130,112,144,61,101,55,66,66,66,67,136,137,284,277,559,554,493,254,514,272,955,927,29989,29990,29990,29991,29991,29992,29992,29993,29993,29993,29993,29992,29992,0,29993,29994,29994,29992,29992,29993,29993,29994,29994,29995,29995,29996,29996,29997,29997,29998]} 1. e4 c5 2. Nf3 e6 3. c4 a6 4. Nc3 Qc7 5. Be2 Nf6 6. O-O b6 7. d4 cxd4 8. Nxd4 Bb7 {B41: Sicilian: Kan Variation: 5 c4.} 9. f3 Bd6 10. Kh1 Be7 {White is slightly better.} 11. Be3 d6 12. Qd2 Nbd7 13. Rac1 O-O 14. Rfd1 Rac8 15. Bf1 Rfd8 16. Qf2 {[#]} Qb8 $146 ({Predecessor:} 16... Ba8 17. b4 Qb8 18. Nb3 Re8 19. Na4 Bd8 20. Qg3 Bc7 21. Bh6 g6 22. Qh4 Bd8 {0-1 (76) Wieth,K (1979)-Umetsubo,C (2370) Florianopolis 2016}) 17. a3 Re8 18. b4 Bd8 19. Nb3 Bc7 20. Qg1 h5 21. Bf2 g6 22. Bg3 Kg7 ({Black should try} 22... d5 $1 $14) 23. Qd4 Ne5 24. Qe3 (24. Na4 $16) 24... Rh8 (24... d5 $1 $11) 25. Bxe5 (25. Bh4 $16) 25... dxe5 $14 26. c5 b5 27. a4 Bc6 (27... bxa4 $14 28. Na1 Ng8) 28. axb5 $16 axb5 29. Qe2 h4 30. Ra1 (30. Nxb5 $6 Bxb5 31. Qxb5 Qxb5 $11) (30. Qf2 $16) 30... Nh5 $1 $14 {[%cal Rh5g3] And now ...Ng3+! would win.} 31. Kg1 ({Don't blunder} 31. Nxb5 $2 Ng3+ $1 {[%mdl 512]} 32. Kg1 Nxe2+ $19) 31... Nf4 {[#]} (31... Ng3 $16 32. Qf2 (32. hxg3 hxg3 33. Rac1 Rh1+ {[%mdl 64] Decoy, Clearance} 34. Kxh1 Rh8+ 35. Kg1 Rh1+ {[%mdl 64] Decoy, Clearance} 36. Kxh1 Qh8+ 37. Kg1 Qh2#) 32... Nxf1) 32. Qe3 (32. Qa2 $1 $18) 32... Qb7 33. Na5 $36 {[%mdl 2048] Black is under strong pressure.} Bxa5 34. bxa5 (34. Rxa5 $16 {[%cal Rc3b5]} Ra8 35. Rxa8 Rxa8 36. Qd2) 34... Qe7 35. Ne2 ({Worse is} 35. Nxb5 Bxb5 36. Bxb5 Qg5 $17) 35... Qg5 {Strongly threatening ...Nh3+.} 36. Nxf4 exf4 37. Qc3+ e5 {[#] White now steadily converts the win.} ({Better is} 37... Qf6 $1 $14 38. Qxf6+ Kxf6) 38. h3 $1 $16 b4 (38... Qe7 $16 39. Rdb1 Bd7) 39. Qxb4 $18 f5 $2 (39... Rb8 {keeps fighting.} 40. Qc3 Rhc8) 40. Rd6 Ba8 {Black hopes to continue with ...fxe4.} 41. Bd3 (41. exf5 $142 gxf5 42. Rad1) 41... Rhe8 $2 (41... fxe4 42. Bxe4 Bxe4) 42. Re1 Qg3 $2 (42... fxe4 43. Bxe4 Bxe4) 43. exf5 g5 44. f6+ Kh8 45. Rd7 e4 46. Rxe4 Bxe4 47. Bxe4 Re6 48. Rh7+ Kg8 49. Rg7+ Kh8 50. Rh7+ Kg8 51. f7+ {White mates.} Kf8 52. c6+ Re7 53. Rh8+ Kxf7 54. Rh7+ Kg8 55. Qc4+ Kf8 56. Rh8+ Kg7 57. Qd4+ Kf7 58. Rh7+ {Weighted Error Value: White=0.27/Black=0.42} 1-0